000 00556nam a22001937a 4500
999 _c6422
_d6422
003 OSt
005 20200120122936.0
008 200120b ||||| |||| 00| 0 eng d
020 _a9780761949794
040 _c040a
082 _a001.4
_bBAN 2007
100 _4Banks, Marcus
245 _aUsing visual data in qualitative research /
_cMarcus Banks
260 _aLondon
_bSAGE Publications
_c2007
300 _axiii, 142p;
_bill :
_c20 cm.
504 _aIncludes bibliographic references and index
650 _2Qualitative research
942 _2ddc
_cO_SHELF